000 00910nam a22002297a 4500
005 20250724142121.0
008 250723b |||||||| |||| 00| 0 eng d
020 _a9789392116674
040 _cAL
041 _akan
082 _aK894.8
_bVAMB
100 _aVamana Nandavara
_9219934
100 _dವಾಮನ ನಂದಾವರ
_9219787
245 _aBokkkasa
_b: ಬೊಕ್ಕಸ
260 _aMangaluru
_bAakrati Ashaya Publications
_c2025
300 _a285p.
_bPB
_c21.5x14cm
365 _2Kannada
_a668
_b₹292.50
_c
_d₹325.00
_e10%
_f10-07-2025
440 _aSamagra samputa ; 1
_9219788
520 _a ಜಾನಪದ ಶಿಕ್ಷಣ ಸಾಹಿತ್ಯ ವಿಜ್ಞಾನ ಪತ್ರಿಕೋದ್ಯಮಗಳ ಲೇಖನಗಳು A collection of writings on Folklore,Education,Literature,Science and Journalism
650 _aKannada Miscellaneous
_9219900
942 _2ddc
_cBK
999 _c234657
_d234657